Applying contemporary statistical techniques

Guardado en:
Detalles Bibliográficos
Autor principal: Wilcox, Rand R (Autor)
Formato: Libro
Lenguaje:inglés
Publicado: San Diego Elsevier Science 2003
Materias:
Etiquetas: Agregar Etiqueta
Sin Etiquetas, Sea el primero en etiquetar este registro!

MARC

LEADER 00000nam a2200000 a 4500
001 UCK0026
003 CL-VaPUC
008 040910e20030000US |||||||||||||||||eng|d
020 |a 0127515410 
082 0 4 |a 519.2  |b WIL  |2 21 
100 0 |a Wilcox, Rand R  |e author  |9 487951 
245 1 0 |a Applying contemporary statistical techniques 
300 |a 608 p 
942 |c BK 
945 |d 20040910 00:00:00  |a cmena 
260 |a San Diego  |b Elsevier Science  |c 2003 
650 0 |a Estadística matemática  |9 260028 
650 0 |a Teoría de probabilidades   |9 336944 
650 0 |a Análisis de varianza   |9 336938 
583 |a last modification  |c 20040910 00:00:00  |k Rodrigo Vera 
999 |c 310600  |d 310598 
952 |0 0  |1 0  |4 0  |6 519_200000000000000_WIL_2003  |7 0  |8 A  |9 379285  |a BIBGIM  |b BIBGIM  |d 2019-11-21  |i 4062493  |o 519.2 WIL 2003  |p 4062493  |r 2025-01-15  |w 2019-11-21  |y BK  |k EST